Non-linearity in dynamic tests.1.Vibration test methods (Record no. 64012)

MARC details
000 -LEADER
fixed length control field 00349nam a2200133Ia 4500
100 ## - MAIN ENTRY--AUTHOR NAME
Personal name Gough V E
245 #0 - TITLE STATEMENT
Title Non-linearity in dynamic tests.1.Vibration test methods
260 ## - PUBLICATION, DISTRIBUTION, ETC. (IMPRINT)
Name of publisher IRI Transactions
Year of publication 1960
300 ## - PHYSICAL DESCRIPTION
Number of Pages 91-122
650 ## - SUBJECT ADDED ENTRY--TOPICAL TERM
Topical Term Dynamic tests
650 ## - SUBJECT ADDED ENTRY--TOPICAL TERM
Topical Term Vibration tests
942 ## - ADDED ENTRY ELEMENTS (KOHA)
Koha item type Journals
Holdings
Withdrawn status Lost status Damaged status Not for loan Home library Current library Shelving location Date acquired Serial Enumeration / chronology Koha item type
      Journals RRII Library RRII Library Rubber chemistry 17/12/2021 Volume 36, Issue 3 Journals